| 000 | 00540nmm a2200169Ia 4500 | ||
|---|---|---|---|
| 008 | 251105s9999||||xx |||||||||||||||||und|| | ||
| 020 | _a9788436955620 | ||
| 041 | _aspa | ||
| 100 | _aCruz Lablanca, Ignacio de la | ||
| 245 | 0 | _aGestión del equipo de trabajo del almacén | |
| 264 |
_a[Madrid, España] : _bMinisterio de Educación, Cultura y Deporte de España, _c2014 |
||
| 300 | _a68 páginas | ||
| 490 | _aAula Mentor | ||
| 650 | _aEconomics and Business | ||
| 856 | _uhttps://public.digitaliapublishing.com/a/39813 | ||
| 942 | _cCF | ||
| 999 |
_c82245 _d82245 |
||